[Event "NATO-ch 19th"]
[Site "Brussels"]
[Date "2008.08.05"]
[Round "3"]
[White "Ruin, Gilles"]
[Black "Denner, Philip"]
[Result "1-0"]
[WhiteElo "1990"]
[BlackElo "1648"]
[PlyCount "123"]
[EventDate "2008.08.04"]
[EventType "swiss"]
[EventRounds "7"]
[EventCountry "BEL"]
[SourceTitle "EXT 2015"]
[Source "ChessBase"]
[SourceDate "2014.11.20"]
[SourceVersion "1"]
[SourceVersionDate "2014.11.20"]
[SourceQuality "1"]

1. Nf3 d5 2. g3 Nf6 3. Bg2 e6 4. 0-0 Bd6 5. d3 0-0 6. Nbd2 e5 7. e4 d4 8. Nc4 Re8 9. Nxd6 Qxd6 10. Nh4 Nc6 11. f4 Bg4 12. Bf3 Qd7 13. f5 Bxf3 14. Qxf3 h6 15. Rf2 Kf8 16. g4 Ke7 17. Qg3 Rh8 18. Nf3 Qd6 19. h4 Rag8 20. Bd2 Kd7 21. c3 dxc3 22. Bxc3 Re8 23. g5 Nh5 24. Qg4 hxg5 25. f6+ Qe6 26. Qxe6+ Rxe6 27. fxg7 Rg8 28. Nxg5 Rxg7 29. Rxf7+ Rxf7 30. Nxf7 Rg6+ 31. Kh2 Ke6 32. Ng5+ Ke7 33. Rf1 Nf4 34. Nf3 Nxd3 35. Rd1 Nf4 36. Nxe5 Nxe5 37. Bxe5 Ne6 38. Rg1 Rxg1 39. Kxg1 c6 40. Bb8 a6 41. Kf2 Kf6 42. Ke3 Kg6 43. Kd3 Kh5 44. Bg3 Kg4 45. Be1 Kf3 46. Bb4 Kg4 47. Be7 Kf3 48. e5 Nf4+ 49. Kc4 Ne6 50. h5 Ke4 51. h6 Nf4 52. h7 Ng6 53. Bf6 Kf5 54. h8Q Nxh8 55. Bxh8 b6 56. b4 Ke6 57. Bf6 Kf5 58. Kd4 Ke6 59. Ke4 a5 60. bxa5 bxa5 61. Kd4 a4 62. Kc5 1-0

[Event "Syre Memorial op 28th"]
[Site "Issy les Moulineaux"]
[Date "2005.05.07"]
[Round "4"]
[White "Ruin, Gilles"]
[Black "Kvashyna, Tetyana"]
[Result "0-1"]
[WhiteElo "2047"]
[BlackElo "1876"]
[PlyCount "92"]
[EventDate "2005.05.05"]
[EventType "swiss"]
[EventRounds "6"]
[EventCountry "FRA"]
[SourceTitle "EXT 2007"]
[Source "ChessBase"]
[SourceDate "2006.11.23"]
[SourceVersion "1"]
[SourceVersionDate "2006.11.23"]
[SourceQuality "1"]

1. Nf3 d5 2. g3 Nf6 3. Bg2 e6 4. 0-0 Be7 5. d3 b6 6. Nbd2 Bb7 7. e4 dxe4 8. Ng5 Nbd7 9. Ndxe4 Rb8 10. Qe2 0-0 11. Re1 Nxe4 12. Nxe4 c5 13. Qh5 Bxe4 14. dxe4 Nf6 15. Qe2 e5 16. Rd1 Qc7 17. f4 Bd6 18. f5 Rfd8 19. Rf1 Be7 20. g4 h6 21. h4 Nh7 22. Qe1 Bf6 23. Rf3 Qe7 24. Rh3 Rd6 25. Be3 Rbd8 26. Bf1 Qd7 27. Be2 Qa4 28. Bd3 Qc6 29. Bf2 c4 30. Bf1 Be7 31. Rc3 b5 32. a4 a6 33. axb5 axb5 34. b3 R6d7 35. Rg3 Bxh4 36. Rh3 Bxf2+ 37. Kxf2 Ng5 38. Re3 Rd4 39. bxc4 bxc4 40. Bg2 Rd2+ 41. Kg3 Rxc2 42. Rd1 Qb6 43. Rd5 f6 44. Ra3 Rb8 45. Bf1 Qg1+ 46. Kh4 Rh2+ 0-1

[Event "Syre Memorial op 28th"]
[Site "Issy les Moulineaux"]
[Date "2005.05.05"]
[Round "2"]
[White "Ruin, Gilles"]
[Black "Joret, Philippe"]
[Result "1-0"]
[WhiteElo "2047"]
[BlackElo "1868"]
[PlyCount "51"]
[EventDate "2005.05.05"]
[EventType "swiss"]
[EventRounds "6"]
[EventCountry "FRA"]
[SourceTitle "EXT 2007"]
[Source "ChessBase"]
[SourceDate "2006.11.23"]
[SourceVersion "1"]
[SourceVersionDate "2006.11.23"]
[SourceQuality "1"]

1. Nf3 Nf6 2. g3 d5 3. Bg2 e6 4. 0-0 Be7 5. d3 0-0 6. Nbd2 b6 7. e4 Bb7 8. e5 Nfd7 9. Re1 c5 10. Nf1 Nc6 11. h4 Qc7 12. Bf4 Rae8 13. N1h2 Qc8 14. Ng5 h6 15. Qh5 hxg5 16. hxg5 Qd8 17. Ng4 Nd4 18. Nf6+ Nxf6 19. exf6 Bxf6 20. gxf6 Qxf6 21. Rac1 Qd8 22. c3 Nc6 23. Bf3 e5 24. Kg2 exf4 25. Rh1 f6 26. Bxd5+ 1-0

[Event "Syre Memorial op 27th"]
[Site "Issy les Moulineaux"]
[Date "2004.05.22"]
[Round "5"]
[White "Sanchez, Louis"]
[Black "Ruin, Gilles"]
[Result "1-0"]
[WhiteElo "2235"]
[BlackElo "2032"]
[PlyCount "69"]
[EventDate "2004.05.20"]
[EventType "swiss"]
[EventRounds "6"]
[EventCountry "FRA"]
[SourceTitle "CBM 100 Extra"]
[Source "ChessBase"]
[SourceDate "2004.07.06"]
[SourceVersion "2"]
[SourceVersionDate "2004.07.06"]
[SourceQuality "1"]

1. e4 c5 2. Nc3 g6 3. Nf3 Bg7 4. Bc4 Nc6 5. 0-0 a6 6. a3 b5 7. Ba2 Nf6 8. d3 d6 9. Ng5 0-0 10. f4 b4 11. axb4 cxb4 12. Nd5 Ng4 13. f5 Bd4+ 14. Kh1 Nf2+ 15. Rxf2 Bxf2 16. Qf3 Bd4 17. Qh3 h5 18. Nf4 Kg7 19. Nxh5+ gxh5 20. Qxh5 e6 21. f6+ Kxf6 22. Nxe6 fxe6 23. Bg5+ Kg7 24. Qh6+ Kg8 25. Bxe6+ Bxe6 26. Qxe6+ Kg7 27. Bxd8 Raxd8 28. h3 Rf6 29. Qd5 Rc8 30. c3 bxc3 31. bxc3 Bxc3 32. Rb1 Be5 33. d4 Bg3 34. Qg5+ Rg6 35. Rb7+ 1-0